000 00727cam a22002172 4500
001 0000001991
005 20151217151836.0
008 070330s xx 000 0 eng d
020 _a9966411383 :
_cKES 400
040 _aKABU
_cKABU
050 0 _aHD1004
_b.Z63L36
245 1 0 _aLand, Conflict and livelihoods in the great lakes region :
_btesting policies to the limit /
_cChris Huggins ... [et al.]
260 _aNairobi :
_bACTS,
_c[2005]
300 _a44 p.
650 0 _aLand use
_zRwanda.
_@0000151132
650 0 _aLand use
_zDemocratic Republic of Congo, Eastern.
_@0000151133
650 0 _aLand use
_zBurundi.
_@0000151134
908 _a070330
950 _@1
999 _c5569
_d5569